000 01034nam a22002657a 4500
005 20240530110618.0
008 161206s2014 iy g b 000 0 ara d
017 _a1435/1480
_bالسعودية . مكتبة الملك فهد الوطنية
020 _a9786038139295
040 _aEG-CaGPL
_cEG-CaGPL
082 0 4 _221
_a371.422\
_bع ر
100 0 _aعلية محمد شرف .
245 1 2 _aالرقابة و المحاسبة التعليمية فى ضوء بعض الاتجاهات العالمية الحديثة /
_cعلية محمد شرف .
250 _aط.1
260 _bدار الزهراء ،
_c2014 .
_aالرياض :
300 _a216 ص. ؛
_c24 سم .
504 _aببليوجرافية : ص 195 - 210
650 0 7 _2qrmak
_aالتعليم
_zالسعودية .
650 0 7 _2qrmak
_aالتعليم
_xتاريخ .
650 0 7 _2qrmak
_aالتعليم
_zمصر .
650 0 7 _2qrmak
_aالرقابة الادارية .
651 _2qrmak
942 _2ddc
_cBK
999 _c63001
_d63001